000 00741nam a2200217Ia 4500
001 17105
003 GE_BSU
008 181216s||||||||xx |||||||||||||| ||und||
040 _cGE_BSU
080 _a821.353.1-31
100 _aარდაზიანი, ლავრენტი
245 _aსოლომონ ისაკიჩ მეჯღანუაშვილი
245 _bრომანი მე-9 კლ. მოსწავლეთათვის
260 _aთბილისი
260 _bცოდნა
260 _c1961
300 _a100 გვ. ; 22 სმ
653 _aრომანი
653 _aსოლომონ ისაკიჩ მეჯღანუაშვილი
942 _cBK
999 _c50167
_d50167